| 000 | 00555nam a22001937a 4500 | ||
|---|---|---|---|
| 003 | OSt | ||
| 005 | 20140310182311.0 | ||
| 008 | 130919t xxu||||| |||| 00| 0 eng d | ||
| 020 | _a9780195886801 | ||
| 050 |
_aPE 1591 _b.D261 2008 |
||
| 082 |
_aHS 428 _bD29 2002 |
||
| 100 |
_aDavis, Colin _920915 |
||
| 245 |
_aEnglish expressions (Sec 1) S/E and N(A) / _cColin Davis. |
||
| 260 |
_aSingapore : _bMarshall Cavendish Education, _cc2008. |
||
| 300 |
_a272 p. : _bcol. ill. ; _c28 cm. |
||
| 650 |
_aEnglish. _916954 |
||
| 942 |
_2lcc _cHS |
||
| 999 |
_c11685 _d11685 |
||